Sloučení obchodních společností. 1

Zlučovanie obchodných spoločností. Spôsoby zlučovania: akvizícia kapitálu, majetku alebo právne spojenie obchodných spoločností formou zlúčenia alebo splynutia. Zlúčenie a príčiny zlúčenia. Právna úprava zániku obchodných spoločností tržnej hodnoty podielov alebo akcií. Podstata zrušenia obchodnej s...

Description complète

Enregistré dans:
Détails bibliographiques
Auteur principal: Vomáčková, Hana
Format: Chapitre de livre
Langue:tchèque
Sujets:
Tags: Ajouter un tag
Pas de tags, Soyez le premier à ajouter un tag!

MARC

LEADER 00000naa a2200000 4500
001 r025239
005 20230913081051.7
041 0 |a cze 
044 |a CZ 
245 1 0 |a Sloučení obchodních společností. 1  |c Hana Vomáčková 
520 |a Zlučovanie obchodných spoločností. Spôsoby zlučovania: akvizícia kapitálu, majetku alebo právne spojenie obchodných spoločností formou zlúčenia alebo splynutia. Zlúčenie a príčiny zlúčenia. Právna úprava zániku obchodných spoločností tržnej hodnoty podielov alebo akcií. Podstata zrušenia obchodnej spoločnosti bez likvidácie. 
610 2 0 |a zlučovanie podnikov 
610 2 0 |a spoločnosti obchodné 
610 2 0 |a zrušenie podniku 
100 1 |a Vomáčková, Hana